000 00310nam a22001337a 4500
008 171127b xxu||||| |||| 00| 0 eng d
020 _a9781566048545
041 _aeng
080 _23 ED
_a0070
100 _a30
101 _aMED
245 _aLOKING GOOD IN PRESENTATIONS
_cJOSS/M.W
942 _2udc
_cBK
999 _c38525
_d38525